DEVITA HELLMAN AND ROSENBERG'S CANCER PRINCIPLES & PRACTICAL ONCOLOGY REVIEW (Record no. 20982)

MARC details
000 -LEADER
fixed length control field 00394nam a22001577a 4500
003 - CONTROL NUMBER IDENTIFIER
control field SGT
020 ## - INTERNATIONAL STANDARD BOOK NUMBER
International Standard Book Number 9789387506633
082 ## - DEWEY DECIMAL CLASSIFICATION NUMBER
Classification number 610.73698
Item number D19G
100 ## - MAIN ENTRY--PERSONAL NAME
Personal name GOVINDAN, RAMASWAMY
245 ## - TITLE STATEMENT
Title DEVITA HELLMAN AND ROSENBERG'S CANCER PRINCIPLES & PRACTICAL ONCOLOGY REVIEW
250 ## - EDITION STATEMENT
Edition statement 4TH
260 ## - PUBLICATION, DISTRIBUTION, ETC. (IMPRINT)
Place of publication, distribution, etc INDIA
Name of publisher, distributor, etc WOLTERS KLUWER
Year of Publication 2019
300 ## - PAGE DESCRIPTION
No. of Pages 363
650 ## - SUBJECT ADDED ENTRY--TOPICAL TERM
Topical term or geographic name as entry element CANCER
942 ## - ADDED ENTRY ELEMENTS (KOHA)
Source of classification or shelving scheme Dewey Decimal Classification
Koha item type Books
Holdings
Withdrawn status Lost status Source of classification or shelving scheme Damaged status Not for loan Collection code Home library Current library Shelving location Date acquired Vendor Name Cost, normal purchase price SGTU Bill Number Total Checkouts Full call number Accession No. (Barcode) Date last seen Bill Date Koha item type
    Dewey Decimal Classification     MEDICAL SGT Medical Library SGT Medical Library Text Book 30/03/2021 ABC DELHI 1599.00 SGTU 12725   610.73698 D19G FM12326 30/03/2021 19/02/2021 Books
    Dewey Decimal Classification     MEDICAL SGT Medical Library SGT Medical Library Text Book 30/03/2021 ABC DELHI 1599.00 SGTU 12725   610.73698 D19G FM12327 30/03/2021 19/02/2021 Books